Statistics for Guess the lyrics (#2)

Click here to take the quiz!

General Stats

  • This quiz has been taken 598 times
  • The average score is 98 of 242

Answer Stats

Answer% Correct
I
99%
a
97%
you."
94%
you
94%
the
87%
me
80%
to
80%
When
78%
when
78%
And
76%
and
76%
be
73%
my
72%
in
70%
on
66%
go
65%
is
63%
where
62%
she
60%
was
60%
her
58%
her,
58%
of
57%
boy
56%
are
52%
young
52%
for
51%
there,
51%
they
51%
then
50%
that
49%
am
48%
Why
48%
said
46%
not
41%
girl?
38%
girl
38%
one
37%
all
35%
with
35%
world
32%
world?
32%
just
31%
should
31%
or
30%
"Or
30%
out
30%
up
30%
here
28%
only
27%
won't
24%
night
22%
mama
21%
told
20%
because
19%
find
19%
I'd
19%
over
19%
she's
18%
"There's
18%
there's
18%
Sea
16%
sun,
16%
these
15%
we'll
15%
whole
15%
around
14%
away
13%
wide
13%
about
12%
eyes
12%
beach
11%
long?
11%
blue,
9%
lives
9%
maybe
9%
rain
8%
somewhere,
8%
kin
7%
next
7%
year
7%
girls
6%
hide
6%
lonely
6%
lying
4%
pick
4%
probably
4%
same
4%
Tahiti"
4%
warm
4%
Caribbean
3%
skin
3%
tears
3%
tropical
3%
trying
3%
Bahamas
2%
brown
2%
caressing
2%
filling
2%
hanging
2%
moonlit
2%
nobody's
2%
quite
2%
underneath
2%
weeping
2%
heatwave
1%
hoping
1%
pining
1%
sharing
1%
sun-swept
1%

Score Distribution

Percentile by Number Answered

Percent of People with Each Score

Your Score History

You have not taken this quiz